000 00668nam a22001337a 4500
008 140818b xxu||||| |||| 00| 0 eng d
020 _a0406090920
050 _aKD276.3.L39(1877-78 vol.7)
245 _aThe Law Reports(1877-78 vol.7) Chancery division: Division E.-chancery cases determined by the chancery division of the high court of justice and by the chief judge in bankruptcy and by the court of appeal on appeal from the chancery division and the chief judge and in lunacy. /
_cedited by Hemming, George Wiegman.
260 _aLondon:
_bButterworth & Co Ltd,
_c1877-1878
300 _axv,883p.:
_c24cm.
440 _pChancery division.
_vvol.7.
942 _2lcc
_cBK
999 _c3462
_d10962